| 000 | 00686nam a2200193 a 4500 | ||
|---|---|---|---|
| 005 | 20210223133706.0 | ||
| 008 | 181106s2009 mx r 000 0 spa d | ||
| 020 | _a9706289461 | ||
| 035 | _aUPN01000227586 | ||
| 049 | _aCG | ||
| 050 | 4 |
_aHB3531 _bI5.3 |
|
| 245 | 0 | 0 |
_aInforme de ejecución del programa de acción de la conferencia internacional sobre la población y el desarrollo 1994-2009 : _bCIPD + 15 / _ccoord. Ana Evanisi Solórzano Sánchez. |
| 260 |
_aMéxico : _bCONAPO, _c2009. |
||
| 300 |
_a346 p. : _egráfs., cuadros |
||
| 651 | 4 |
_aMEXICO - _xPOLITICA DE POBLACION _98760 |
|
| 700 | 1 |
_aSolórzano Sánchez, Ana Evanisi, _ecoord. |
|
| 905 | _aLibro | ||
| 999 |
_c199681 _d199681 |
||